<?xml version="1.0" encoding="UTF-8"?>
<record
    xmlns:xsi="http://www.w3.org/2001/XMLSchema-instance"
    xsi:schemaLocation="http://www.loc.gov/MARC21/slim http://www.loc.gov/standards/marcxml/schema/MARC21slim.xsd"
    xmlns="http://www.loc.gov/MARC21/slim">

  <leader>00557nam a22001577a 4500</leader>
  <controlfield tag="003">OSt</controlfield>
  <controlfield tag="005">20151003135042.0</controlfield>
  <controlfield tag="008">151003b        xxu||||| |||| 00| 0 eng d</controlfield>
  <datafield tag="040" ind1=" " ind2=" ">
    <subfield code="c">RUA</subfield>
  </datafield>
  <datafield tag="082" ind1=" " ind2=" ">
    <subfield code="a">AVM CHE 1999 B071 Or.1</subfield>
  </datafield>
  <datafield tag="100" ind1=" " ind2=" ">
    <subfield code="9">1890</subfield>
    <subfield code="a">CHEA, CHANDY.</subfield>
  </datafield>
  <datafield tag="245" ind1=" " ind2=" ">
    <subfield code="a">Using the brewer spent grain for fattening ducks, &#x1780;&#x17B6;&#x179A;&#x1794;&#x17D2;&#x179A;&#x17BE;&#x1794;&#x17D2;&#x179A;&#x17B6;&#x179F;&#x17CB;&#x1780;&#x17B6;&#x1780;&#x179F;&#x17C6;&#x178E;&#x179B;&#x17CB;&#x179F;&#x17D2;&#x179A;&#x17B6;&#x1794;&#x17C0;&#x179A;&#x179F;&#x17C6;&#x179A;&#x17B6;&#x1794;&#x17CB;&#x1785;&#x17B7;&#x1789;&#x17D2;&#x1785;&#x17B9;&#x1798;&#x1791;&#x17B6;&#x1794;&#x17C6;&#x1794;&#x17C9;&#x1793;&#x17CB;</subfield>
  </datafield>
  <datafield tag="260" ind1=" " ind2=" ">
    <subfield code="a">Phnom Penh</subfield>
    <subfield code="b">RUA</subfield>
    <subfield code="c">1999</subfield>
  </datafield>
  <datafield tag="300" ind1=" " ind2=" ">
    <subfield code="a">30p.</subfield>
    <subfield code="b">ill.</subfield>
    <subfield code="c">29cm.</subfield>
  </datafield>
  <datafield tag="942" ind1=" " ind2=" ">
    <subfield code="2">ddc</subfield>
    <subfield code="c">AVM</subfield>
  </datafield>
  <datafield tag="999" ind1=" " ind2=" ">
    <subfield code="c">1787</subfield>
    <subfield code="d">1787</subfield>
  </datafield>
  <datafield tag="952" ind1=" " ind2=" ">
    <subfield code="0">0</subfield>
    <subfield code="1">0</subfield>
    <subfield code="2">ddc</subfield>
    <subfield code="4">0</subfield>
    <subfield code="6">AVM_CHE_1999_000000000000000_B071_OR_1</subfield>
    <subfield code="7">0</subfield>
    <subfield code="9">7621</subfield>
    <subfield code="a">LBB</subfield>
    <subfield code="b">LBB</subfield>
    <subfield code="c">B071</subfield>
    <subfield code="d">2015-10-03</subfield>
    <subfield code="o">AVM CHE 1999 B071 Or.1</subfield>
    <subfield code="p">RUA015287</subfield>
    <subfield code="r">2015-10-03</subfield>
    <subfield code="w">2015-10-03</subfield>
    <subfield code="y">AVM</subfield>
  </datafield>
  <datafield tag="952" ind1=" " ind2=" ">
    <subfield code="0">0</subfield>
    <subfield code="1">0</subfield>
    <subfield code="2">ddc</subfield>
    <subfield code="4">0</subfield>
    <subfield code="6">AVM_CHE_1999_000000000000000_B071_OR_2</subfield>
    <subfield code="7">0</subfield>
    <subfield code="9">7622</subfield>
    <subfield code="a">LBB</subfield>
    <subfield code="b">LBB</subfield>
    <subfield code="c">B071</subfield>
    <subfield code="d">2015-10-03</subfield>
    <subfield code="o">AVM CHE 1999 B071 Or.2</subfield>
    <subfield code="p">RUA009288</subfield>
    <subfield code="r">2015-10-03</subfield>
    <subfield code="w">2015-10-03</subfield>
    <subfield code="y">AVM</subfield>
  </datafield>
</record>
